Normal view
MARC view
- Self-realization
Entry Topical Term
001 - CONTROL NUMBER
- control field: 10357
003 - CONTROL NUMBER IDENTIFIER
- control field: NUST
005 - DATE AND TIME OF LATEST TRANSACTION
- control field: 20180521050925.0
008 - FIXED-LENGTH DATA ELEMENTS
- fixed length control field: 180521|| aca||aabn | a|a d
040 ## - CATALOGING SOURCE
- Original cataloging agency: NUST
- Transcribing agency: NUST
150 ## - HEADING--TOPICAL TERM
- Topical term or geographic name entry element: Self-realization
- General subdivision: Religious aspects.
670 ## - SOURCE DATA FOUND
- Source citation: Work cat.: (NUST)48205: Dyer, Wayne W. 10356, The shift :, 2010
